000 00818cam a2200265 u 4500
003 UPN
005 20240229063558.0
008 190918s2007 a ad 000 j spa d
020 _a9789681672850
035 _aUPN01000232906
040 _aMX-MxUPN
_bspa
050 4 _aPZ74.9
_bI868 2007
100 0 _aIsol
_d1972-
_948026
245 1 0 _aTener un patito es útil
250 _aPrimera edición
260 _aMéxico, D.F. :
_bFondo de Cultura Económica,
_c2007
300 _a1 volumen :
_bilustraciones a color
490 _aLos especiales de a la orilla del viento
650 7 _aJuguetes
_vCuentos y leyendas
_2
_922474
650 7 _926074
_aPatos
_vCuentos y leyendas
650 4 _aLiteratura infantil argentina
_97511
902 _bVíctorGodínez/020323/M
942 _2lcc
_cLIBRO
999 _c205001
_d205001